| 000 | 00548nam a22001457a 4500 | ||
|---|---|---|---|
| 003 | OSt | ||
| 005 | 20160324101046.0 | ||
| 008 | 160324b xxu||||| |||| 00| 0 eng d | ||
| 040 | _cRUA | ||
| 082 | _aAGR VON 2011 B472 Or.1 | ||
| 100 |
_98181 _aVONG VANNAK; វង្ស វណ្ណៈ |
||
| 245 | _aEffect of organic mulching on yield of bunching onion, ឥទ្ធិពលនៃគម្របធម្មជាតិលើទិន្នផលដំណាំខ្ទឹមស្លឹក | ||
| 300 |
_axiii,43p. _bill. _c29cm. |
||
| 942 |
_2ddc _cAGR |
||
| 999 |
_c7793 _d7793 |
||